Culture Générale - Série 2478 - Statistiques

Statistiques générales
  • Ce quiz a été pris 109 fois
  • Le résultat moyen est 4 sur 10
Statistiques - réponses
Question Réponse % Correct
Ce nom désigne l'aurore - un département français - un vêtement liturgique aube
89%
Poudre blanche inodore, faible en calories, et qui pourtant donne une saveur sucrée aux produits -anagramme de "parsemata" aspartame
64%
De quelle grande entreprise commerciale en ligne Andy Jassy est-il le PDG depuis le 5 juillet 2011 ? Amazon
56%
Familièrement : Tirer sur quelqu'un de nombreux projectiles, en particulier avec une arme à feu, en restant soi-même caché - 7 lettres commençant par " c " canarder
53%
De quel état des Etats-Unis Montgomery est-il la capitale ? Alabama
45%
Quel est l'auteur du poème "Élégie à Hélène" publié en 1587 ? Pierre de Ronsard
37%
Type de tire-bouchon intégrant un décapsuleur - voir photo limonadier
22%
Protocole bien réglé - 10 lettres commençant par " c " cérémonial
14%
Quel est l'animal dont le cuir est utilisé pour la confection des blousons de motard "Perfecto" ? cheval
12%
Armature de fils métalliques qui maintient le bouchon des bouteilles de boissons alcoolisées gazeuses (champagne, crémant, cidre…) muselet
12%
Aucun quiz correspondant
Distribution des résultats
% des personnes avec chaque résultat
Percentile par nombre de réponses
Votre historique - résultats
Vous n’avez pas pris ce quiz